000 00290 a2200145 4500
001 165503
020 _a
040 _cMagnum
100 _aHoward, Walter
240 1 0 _aA musica e a crianca
_lpor
245 1 0 _aA musica e a crianca
362 0 _a1899
697 _aMUSICA
942 _cBK
999 _c165503
_d165503